000 00606nam a2200229Ia 4500
003 OSt
005 20230524105527.0
008 210423s2013 xx 000 0 und d
020 _a81-219-0431-5
040 _cAL
041 _aeng
082 _a519.5 PILS
_223
100 _aPILLAI (R S N);BAGAVATHI.
_9112046
245 _aStatistics: theory and practice.
260 _aNew Delhi
_bS Chand & Company Ltd
_c2013
300 _axii,875
_bPB
365 _b375
_cINR
650 _aMathematics
_9112047
650 _aStatistics
_9112048
906 _apractice. ; Statistics: ; theory
942 _2ddc
_cBK
999 _c165378
_d165378